Score 0/18 Timer 04:00
1 Play Today
Name Missing Word % Correct
_____ PerryKaty
97.5%
_____ WestKanye
93.4%
R. _____Kelly
90.6%
Wiz _____Khalifa
68.7%
_____ CudiKid
65.9%
Anna _____Kendrick
64%
Lil' _____Kim
53.8%
Uncle _____Kracker
53.2%
_____ SweatKeith
45.5%
Name Missing Word % Correct
Danity _____Kane
41.1%
Sean _____Kingston
39.7%
_____ LyttleKevin
33.5%
DJ _____Khaled
32.8%
_____ HilsonKeri
30.7%
Chad _____Kroeger
29.9%
_____ OffishallKardinal
13.7%
_____ ColeKeyshia
8.7%
_____ EdmondsKevon
5.4%

Today's Daily Dose

You're not logged in!

Compare scores with friends on all Sporcle quizzes.
OR
Log In

Sporcle TV

Today on Sporcle TV


Watch our educational content, quiz creation guides, and fun videos on Sporcle TV.

Show Comments

Extras

Top Quizzes Today


Score Distribution

Paid Content

Your Account Isn't Verified!

In order to create a playlist on Sporcle, you need to verify the email address you used during registration. Go to your Sporcle Settings to finish the process.

Report this User

Report this user for behavior that violates our Community Guidelines.

Details: